000 00507nam a22001937a 4500
005 20230221151059.0
008 230221b ||||| |||| 00| 0 eng d
040 _cAL
041 _aEnglish
082 _223
_a543/104
_bAGGM
100 _aR C Aggarwal
_972814
245 _aModern Inorganic Chemistry
250 _a5.
260 _aBombay
_bKitab Mahal
_c1975
300 _axii,962 p.
_bPB
_c21.7x13.5 cm.
650 _aInorganic Chemistry
_972815
700 _aAGGARWAL (R C)
_972816
942 _2ddc
_cBB
999 _c226778
_d226778